000 00792nam a2200217Ia 4500
003 OSt
005 20200805100221.0
008 191128s1991 ck fr f000 0 spa d
040 _aCO-JMCR
_cCO-JMCR
041 0 _aspa
082 0 4 _a343.0421 /
_bC718d
_223
110 1 _aColombia.
_bMinisterio de Hacienda y Crédito Público
_97620
245 1 0 _aDoctrina tributaria territorial /
_cMinisterio de Hacienda y Crédito Público
260 _aBogotá :
_bMinisterio de Hacienda y Crédito Público,
_c1991
300 _a257 páginas ;
_c23 cm.
505 0 _aDoctrina -- Impuestos departamentales -- Impuestos municipales -- Jurisprudencia
650 1 4 _aImpuestos
_zColombia
_98408
650 1 4 _aDerecho fiscal
_zColombia
_98409
650 1 4 _aPolítica fiscal
_zColombia
_96903
942 _2ddc
_cBK
999 _c4476
_d4476